Score 0/15 Timer 03:00
0 Plays Today
% Correct
Carson
96%
Yankovic
96%
Reynolds
96%
King
96%
Arantes do Nascimento
92%
Crichton
92%
Marx
84%
Heisman
80%
% Correct
Clarke
76%
Kaufman
64%
Bunning
60%
Sinclair
48%
Ederle
32%
Wolff
32%
Shearmur
32%

You're not logged in!

Compare scores with friends on all Sporcle quizzes.
OR
Log In

Sporcle TV

Today on Sporcle TV


Watch our educational content, quiz creation guides, and fun videos on Sporcle TV.

Show Comments

Extras

Top Quizzes Today


Score Distribution

Paid Content

Your Account Isn't Verified!

In order to create a playlist on Sporcle, you need to verify the email address you used during registration. Go to your Sporcle Settings to finish the process.

Report this User

Report this user for behavior that violates our Community Guidelines.

Details: